| 000 | 00904 a2200265 4500 | ||
|---|---|---|---|
| 001 | 163 | ||
| 005 | 20260407155414.0 | ||
| 008 | 260407a2006 arg spa d | ||
| 003 | AR-UNSa-BCEJYS | ||
| 040 |
_aAR-UNSa-BCEJYS _bspa _cAR-UNSa-BCEJYS |
||
| 080 |
_a347.440 _xTipos de contratos (Fideicomisos) |
||
| 245 | 1 | 0 |
_aFideicomisos _paspectos jurídicos, tributarios y contables |
| 020 | _a978-987-01-0527-5 | ||
| 250 | _a1a. ed | ||
| 264 | 1 |
_aBuenos Aires : _bErrepar _c2006 |
|
| 300 |
_a366 p. _c22 cm. |
||
| 505 | _a1. Aspectos Jurídicos 2. Aspectos Tributarios 3. Aspectos contables | ||
| 041 | _aspa | ||
| 942 | _cBK | ||
| 590 | _aniveau_biblio:m niveau_hierar:0 | ||
| 100 | 1 | _aMartín, Julián A. | |
| 700 | 1 | _aEidelstein, Mauricio G | |
| 700 | 1 | _aAlchouron, Juan Martín | |
| 856 | 4 | 1 |
_uhttps://biblioeco.unsa.edu.ar/pmb/images/libros/Fideicomisos -l117461.jpg _yImagen de portada _qimage/jpeg |
| 999 |
_c124 _d124 |
||